000 00215nam a22000857a 4500
008 160624b xxu||||| |||| 00| 0 eng d
100 _91094
_aJohnson, M
245 _a18 No Time to Waste
260 _aMichigan
_bZonderan
_c1971
999 _c880
_d880